00560nam a2200193Ia 4500003000900000008004100009020001600050040001600066080001700082100001500099245005800114260003500172300001400207490004200221650004100263650001800304650002300322700002100345IN-BaIIA211028s9999 xx 000 0 eng d a412-10730-9 cIIA Library a523.945bBRA aBray, R. J 4aThe solar chromospherecR. J. Bray andR. E. Loughhead aLondonbChapman and Hallc1974 aix, 384p. aThe international astrophysics series aAstronomy and astrophysics thesaurus aCoronal loops aSolar chromosphere aLoguhhead, R. E.